| 000 | 00636nam a2200193 i 4500 | ||
|---|---|---|---|
| 001 | 80110 | ||
| 003 | ES-MaACL | ||
| 005 | 20230906174131.0 | ||
| 007 | t| | ||
| 008 | 041026s1973 mx |||| | spa d | ||
| 100 | 1 |
_aHirschman, Albert O. _963815 |
|
| 245 | 1 | 3 |
_aLa estrategia del desarrollo económico / _cAlbert O. Hirschman ; [traducción de Mª Teresa Márquez de Silva Herzog]. |
| 250 | _a1ª ed. | ||
| 260 |
_aMéxico : _bFondo de Cultura Económica, _c1973. |
||
| 300 |
_a210 p. ; _c21 cm. |
||
| 650 | 0 | 4 |
_aPolítica económica. _916293 |
| 700 | 1 |
_aMárquez de Silva Herzog, María Teresa. _977022 |
|
| 852 |
_aES-MaACL _jE-6828 |
||
| 999 |
_c80110 _d80110 |
||